Crossing diversity

Uloženo v:
Podrobná bibliografie
Korporativní autor: Eurialo
Médium: Kniha
Jazyk:angličtina
Tagy: Přidat tag
Žádné tagy, Buďte první, kdo vytvoří štítek k tomuto záznamu!

MARC

LEADER 00000nam a2200000 4500
005 20240724162106.0
008 240724b |||||||| |||| 00| 0 eng d
040 |c GP 
110 |a Eurialo 
245 |a Crossing diversity 
942 |2 ddc  |c BK  |n 0 
952 |0 0  |1 0  |2 ddc  |4 0  |6 306_766000000000000_EUR  |7 1  |9 1675  |a RM  |b RM  |d 2024-07-24  |l 0  |o 306.766 EUR  |p 138  |r 2024-07-24 16:21:29  |w 2024-07-24  |y BK 
999 |c 1488  |d 1488